000 01380nam a2200373 i 4500
001 25607
003 KOSZ 005
005 20200114120351.0
008 990726s1971 pl g |000 0 pol
015 _aPB 1972/659
040 _aWA N
_cWA N
_dKOSZ 005/EC
_dKOSZ 005/HR
046 _k1971
080 _a913(100)
080 _a(03)
245 0 0 _aSłownik geografii świata /
_c[zespół autorów Aleksandra Dominik et al. pod kierunkiem Józefa Szaflarskiego ; przewodniczący komitetu redakcyjnego Stanisław Leszczycki].
260 _aWarszawa :
_b"Wiedza Powszechna",
_c1971.
300 _a963, [5] strony ;
_c23 cm.
336 _aTekst
_btxt
_2rdacontent
337 _aBez urządzenia pośredniczącego
_bn
_2rdamedia
338 _aWolumin
_bnc
_2rdacarrier
380 _aKsiążki
380 _aPublikacje ionformnacyjne
388 _a1901-2000
388 _a1945-1989
658 _aGeografia i nauki o Ziemi
655 4 _aEncyklopedia
650 4 _aGeografia
700 1 _aDominik, Aleksandra.
_eAutor
700 1 _aSzaflarski, Józef
_d(1908-1989).
_eRedakcja
710 2 _aPaństwowe Wydawnictwo Wiedza Powszechna
_4pbl.
700 1 _aLeszczycki, Stanisław
_d(1907-1996)
_eRedakcja
856 4 1 _uhttp://koha.tu.koszalin.pl/cgi-bin/koha/opac-detail.pl?biblionumber=25607
_zKatalog online BPK
942 _2UKD
_cKS
999 _c25607
_d25607